000 00298nam a22001337a 4500
008 181010b xxu||||| |||| 00| 0 eng d
020 _a9780130323514
041 _aeng
080 _a336
100 _a56
101 _aFIN
245 _aFinancial Reporting & Analysis
_cRevisine
942 _2udc
_cBK
999 _c49301
_d49301